| 000 | 00874nam a2200313Ia 4500 | ||
|---|---|---|---|
| 001 | dia_1332 | ||
| 003 | CHAP | ||
| 005 | 20230126131615.0 | ||
| 008 | 220117s1975 xx 000 0 und d | ||
| 010 | _a171879 | ||
| 040 | _cCHAP | ||
| 082 | _a575.292 I24 1975 | ||
| 100 |
_aIchikawa, Sadao _957269 |
||
| 245 |
_aApuntes de mutagénesis / _c Sadao Ichikawa |
||
| 260 |
_aMéxico : _b Colegio de Postgraduados, _c1975 |
||
| 300 | _a67 p. | ||
| 504 | _aIncluye bibliografías | ||
| 590 | _aQH431 I24 1975 | ||
| 650 |
_aGenética _947469 |
||
| 650 |
_aGenetics _9150535 |
||
| 650 |
_aMutación _979906 |
||
| 650 |
_aMutagenesis _9150536 |
||
| 650 |
_aMutagénesis _9150537 |
||
| 650 |
_aMutation _9150538 |
||
| 901 | _a575.292 I24 1975 | ||
| 902 | _aM | ||
| 905 | _a5232271975 MX an 8222223322SPA16 | ||
| 942 |
_cLIBRO _2ddc |
||
| 999 |
_c171879 _d171879 |
||